000 00408nam a2200145Ia 4500
008 220217s9999||||xx |||||||||||||| ||und||
020 _a978-81-315-0217-4
082 _a620.011 LOG
100 _aLogan, Daryl L
_92898
245 0 _aFirst cource in the finite element method
250 _a4th
260 _aCengage learning
_bNew Delhi
_c2007
300 _aXVIII, 808p.
_b450
650 _aMECHANICHAL
999 _c179535
_d179535